Statistics for AFL All Australian Team 2021

Click here to take the quiz!

General Stats

  • This quiz has been taken 218 times
  • The average score is 19 of 22

Answer Stats

PositionTeamAnswer% Correct
DEFMelbourneSteven May
98%
MIDMelbourneClayton Oliver
95%
FWDBulldogsMarcus Bontempelli
95%
RUCKMelbourneMax Gawn
95%
MIDPort AdelaideOllie Wines
95%
MIDCarltonSam Walsh
95%
DEFMelbourneJake Lever
93%
FWDGeelongTom Hawkins
93%
DEFGeelongTom Stewart
92%
MIDEssendonZach Merret
92%
FWDGWSToby Greene
91%
FWDMelbourneChristian Petracca
88%
FWDCarltonHarry McKay
86%
FWDSydneyTom Papley
84%
I/CEssendonDarcy Parish
83%
MIDBulldogsJack Macrae
83%
DEFPort AdelaideAliir Aliir
80%
DEFBulldogsBailey Dale
79%
I/CGold CoastTouk Miller
78%
I/CSt KildaJack Steele
77%
DEFBrisbaneDaniel Rich
76%
I/CWest CoastNic Naitanui
60%

Score Distribution

Percentile by Number Answered

Percent of People with Each Score

Your Score History

You have not taken this quiz